Christopher Nolan Movies by Picture - Statistics

General Stats
  • This quiz has been taken 260 times
  • The average score is 10 of 12
Answer Stats
Picture Answer % Correct
Batman Begins
97%
Oppenheimer
97%
Inception
94%
Interstellar
94%
The Dark Knight
94%
Dunkirk
82%
The Dark Knight Rises
82%
Tenet
79%
Memento
76%
The Prestige
75%
Insomnia
55%
Following
43%
No matching quizzes found
Score Distribution
Percent of People with Each Score
Percentile by Number Answered
Your Score History
You have not taken this quiz